Words Starting With H - Statistics

General Stats
  • This quiz has been taken 46 times
  • The average score is 51 of 72
Answer Stats
Hint Answer % Correct
a clothing put on your head Hat
100%
where you live in House
100%
a man pronoun He
98%
getting better Heal
98%
a girl pronoun Her
98%
a mammal used by cowboys Horse
98%
where sick people go Hospital
98%
2/4 or 1/2 Half
95%
an organ Heart
95%
female chicken Hen
95%
small moutain Hill
95%
a man pronoun Him
95%
bees make it Honey
95%
burning Hot
95%
fur for people Hair
93%
cooked pig Ham
93%
where dead bad people go Hell
93%
a man pronoun His
93%
where you stay in while traveling Hotel
93%
feeling joy Happy
90%
on your neck Head
90%
where dead good people go Heaven
90%
a country in Europe Hungary
90%
assistance Help
88%
a fast food meal Hamburger
86%
a rabbit Hare
86%
weighs a lot Heavy
86%
next in line for inheritance or a throne Heir
86%
give employees a job Hire
86%
a flying vehicle Helicopter
83%
a special day Holiday
83%
a country in central America Honduras
83%
an instrument Harp
81%
seek shelter to avoid being found Hide
81%
jump Hop
81%
small spiky mammal Hedgehog
79%
saves the day Hero
79%
people Human
76%
starvation Hungry
76%
on your arm Hand
74%
occurence Happen
74%
keeps your head safe Helmet
74%
combs the fur on your head Hairbrush
71%
____ could this have worked How
69%
used to listen to music Headphones
67%
food bakes in the sun during the ____ Heat
67%
a vehicle or craft that travels over land or water Hovercraft
67%
where ships dock Harbor
62%
a bird that lives near water Heron
62%
a large amphibious mammal Hippo
60%
toes of some mammals Hoof
57%
a nut Hazelnut
55%
like a skateboard Hoverboard
55%
an island chain in the Pacific Hawaii
52%
on jackets Hood
52%
a fish Halibut
50%
above ground High
50%
grab Hold
50%
used to catch fish Hook
48%
used in construction Hammer
45%
a carnivorous mammal Hyena
45%
a type of badger Honey Badger
43%
a fast food meal Hot Dog
43%
a pepper Habanero
40%
a fish Haddock
36%
an instrument Harmonica
33%
a fish Herring
33%
an instrument Horn
31%
where cavemen lived in Hut
24%
an island near Florida Hispanola
12%
a toy kids use Hula Hoop
12%
a rodent Hampster
10%
No matching quizzes found
Score Distribution
Percent of People with Each Score
Percentile by Number Answered
Your Score History
You have not taken this quiz